Statistics for Boruto anime characters

Click here to take the quiz!

General Stats

  • This quiz has been taken 30 times
  • The average score is 36 of 162

Answer Stats

HintAnswer% Correct
protagonistBoruto
100%
hokage's wifeHinata
100%
7th hokageNaruto
100%
team 7Sarada
100%
shadow kageSasuke
93%
Hokage chief aidShikamaru
93%
team 7Mitsuki
86%
kara inner XOuga
86%
sixth hokageKakashi
79%
uchiha clonesShin
79%
adopted uzumakiKawaki
71%
team 7 former leaderKonohamaru
71%
KazekageGaara
64%
youngest uzumakiHimawari
64%
Yamanaka kunoichiIno
64%
kara inner IVJigen
64%
land of rivers villainMomo
64%
otsutsukiMomoshiki
64%
Konoha school professorShino
64%
Akimichi shinobiChoji
57%
kara inner VICode
57%
otsutsukiIsshiki
57%
Konoha school professorAnko
50%
kara inner IIIBoro
50%
kara inner IDelta
50%
team 5Denki
50%
team 25 former leaderSai
50%
Fifth hokageTsunade
50%
team 5 former mentorUdon
50%
kara inner VIIIAmado
43%
team 10Cho Cho
43%
MizukageChojuro
43%
team 10Inojin
43%
Konoha school headIruka
43%
Kazekage brotherKankuro
43%
kara inner IIKashin Koji
43%
clay human creatorKu
43%
team 5Metal Lee
43%
team 10 former mentorMoegi
43%
former class repSumire
43%
otsutsukiUrashiki
43%
kara outerAo
36%
kara inner VIIDeepa
36%
androidEida
36%
New academy professorHana
36%
team 15 mentorHanabi
36%
team 5Iwabee
36%
orphanage ownerKabuto
36%
otsutsukiKinshiki
36%
Asuma's daughterMirai
36%
team 15Namida
36%
team 10 leaderShikadai
36%
Kazekage adopted sonShinki
36%
team 15Wasabi
36%
androidDaemon
29%
former AkasukiKarin
29%
TsuchikageKurotsuchi
29%
Yoimura memberLemon
29%
former villainOrochimaru
29%
kara inner VVictor
29%
RaikageDarui
21%
Hyuga clan headHiashi
21%
Hokage's mentorJiraya
21%
former AkasukiJugo
21%
former mizukage aideKagura
21%
scientific tool developerKatasuke
21%
former TsuchikageOnoki
21%
Otsutsuki godShibai
21%
kara outerBug
14%
team 25 leaderHoki
14%
team 40 leaderIbiki
14%
Funato Head's youngest sonIkada
14%
academy studentKura
14%
team 15Tsubaki
14%
pet akutaAkkun
7%
Land of Bambboo ButlerBatora
7%
"new seven swordsmen"Buntan
7%
Funato pirateFunamushi
7%
kara outerGaro
7%
byakuya gang leaderGekko
7%
"new seven swordsmen"Hebiichigo
7%
Land of Bamboo princess
Academy student
Kae
7%
"new seven swordsmen"Kyoho
7%
"dragon"Meno
7%
academy studentRan
7%
Funato Head's daughterSeiren
7%
Mujina bandit's chiefShojoji
7%
academy studentSuzu
7%
Adopted FunatoTenma
7%
Daimyo's sonTento
7%
Astronomy institute DirectorZansul
7%
Maze PartecipantAnaguma
0%
Hozuki castle prisonerArai
0%
Funato HeadAraumi
0%
sand village teamAraya
0%
haze quadrupletAsaka
0%
Maze PartecipantBatta
0%
Hozuki castle guardBenga
0%
academy studentDoseki
0%
team 40Doshu
0%
academy studentEiki
0%
team 40Enko
0%
Maze PartecipantFugo
0%
ARI prisonerGanno
0%
kara outerGarashi
0%
Funato memberGokai
0%
team 25Hako
0%
academy studentHarika
0%
"new seven swordsmen"Hassaku
0%
haze quadrupletHiruga
0%
"new seven swordsmen"Ichirota
0%
land of fire DaimyoIkkyu
0%
Funato Head's eldest sonIsari
0%
Funato memberJibiki
0%
ARI prisonerJiji
0%
Maze PartecipantKaesu
0%
team 9Kaito
0%
clay humanKako
0%
Hozuki castle prisonerKamata
0%
academy studentKande
0%
Akitsuki memberKanitsu
0%
Hozuki castle prisonerKedama
0%
clay humanKiara
0%
academy studentKikuchiyo
0%
kara outerKiseru
0%
Youngest Funato pirateKobuna
0%
mujina's former accountantKokuri
0%
clay humanKokuyo
0%
academy studentKonashi
0%
Redaku princessManaru
0%
Redaku prince caretakerMargo
0%
Hawk caretakerMaruta
0%
academy studentMimi
0%
Funato Head's wifeMinamo
0%
Kirigakure kunoichiMisuno
0%
Owner of ParadiseMozu
0%
Konohagakure joninMugino
0%
Hozuki castle MasterMujo
0%
Maze PartecipantNamua
0%
Redaku princeNanara
0%
academy studentNeon
0%
academy studentOsuka
0%
ARI prisonerPenjira
0%
Redaku messengerRedaku
0%
team 25Renga
0%
Maze PartecipantRokuro
0%
land of snow shinobiRyogi
0%
land of rivers villainSasami
0%
clay humanSekiei
0%
Maze PartecipantShamo
0%
"new seven swordsmen"Shizuma
0%
academy studentSosha
0%
academy studentSoul
0%
former AkasukiSuigesu
0%
birdwatcherTosaka
0%
mujina's second in commandTsukiyo
0%
team 40Tsuru
0%
apprentice caretkerTsuzura
0%
Maze PartecipantYatsume
0%
sand village teamYodo
0%
haze quadrupletYoruga
0%
haze quadrupletYuga
0%

Score Distribution

Percentile by Number Answered

Percent of People with Each Score

Your Score History

You have not taken this quiz